000 00395nam a22001577a 4500
003 macl
005 20161103165113.0
008 161103b xxu||||| |||| 00| 0 eng d
040 _cmacl
082 _a510
100 _aKundan K.
_936517
245 _aMagical Book on Arithmetical Formulae
260 _aDelhi
_bBsc Publishing co Pvt Ltd
_c2014
650 _aMaths
_966285
942 _2ddc
_cBK
_k510
999 _c55607
_d55607